000 01230cam a2200385 a 4500
001 ocn704888921
003 TZ-ArACH
005 20121207131128.0
008 110223s2010 fr b 001 0 fre
010 _a 2011481187
020 _a9782711007578
020 _a271100757X
035 _a(OCoLC)704888921
040 _aDLC
_cDLC
_dTZT
_dGXR
041 _aFre
042 _apcc
043 _ae-fr---
049 _aTZAA
050 0 0 _aKJV4079
_b.G64
082 1 4 _a342
_21
100 1 _aGohin, Olivier.
_97245
245 1 0 _aDroit constitutionnel /
_cOlivier Gohin.
260 _aParis :
_bLexisNexis Litec,
_c2010.
300 _axvi, 1497 p. ;
_c23 cm.
490 1 _aManuel
504 _aIncludes bibliographical references (p. 1465-1469) and index.
650 0 _aConstitutional law
_zFrance.
_97246
650 0 _aDroit constitutionnel
_zFrance.
_97247
650 0 _aConstitutional law.
_97248
653 _aConstitutional law
830 0 _aManuel.
_97249
942 _2lcc
_cBOOK
999 _c1919
_d1919